000 01226cam a2200337Ia 4500
003 OCoLC
005 20150617082724.0
008 150617s2004 ne frb 001 0 eng d
020 _a9781402027659
020 _a1402026153
020 _a9781402026157
035 _a(OCoLC)234543428
040 _aCO-BoUCM
_bspa
_cJose A. Gerena
_dJose A. Gerena
041 _aeng
245 0 0 _aOrganised crime in Europe
_bconcepts, patterns, and control policies in the European Union and beyond
_ceditado por Cyrille Fijnaut, Letizia Paoli
246 3 _aOrganized crime in Europe
260 _aDordrecht (Holanda)
_bSpringer
_c2004
300 _axii, 1074 páginas
490 1 _aStudies of organized crime
_v4
504 _aIncluye referencias bibliográficas e índices
650 7 _aCrimen organizado
_zEuropa
_912141
650 7 _aDelitos
_zEuropa
_912564
650 7 _aMafia
_zEuropa
_918862
650 7 _aPolítica de seguridad
_zEuropa
_921962
651 4 _aEuropa
_xCrimen organizado
_969668
690 _942914
_aSociología
700 1 _aFijnaut, Cyrille
_eeditor
_969669
700 1 _aPaoli, Letizia
_eeditor
_969670
942 _2DEWEY
_a5
_cLIBRO
_e1
_h364.106094
_mO686
999 _c299968
_d299968